Informe social watch 2003: los pobres y el mercado. Informe 2003: un Informe internacional sobre el progreso hacia la erradicación de la pobreza y el logro de la igualdad de género
Este artículo sugiere que las instituciones internacionales de gobierno, los gobiernos que las controlan y las corporaciones que presionan a ambos abogan por la privatización, pese a que los peligros que ésta entraña pueden dañar seria y permanentemente los medios de vida de la población más pobre d...
Uloženo v:
| Korporativní autor: | |
|---|---|
| Médium: | Text |
| Vydáno: |
Montevideo:
ITeM
|
| Témata: | |
| Tagy: |
Přidat tag
Žádné tagy, Buďte první, kdo vytvoří štítek k tomuto záznamu!
|
MARC
| LEADER | 00000 a a2200000 04500 | ||
|---|---|---|---|
| 001 | 33040 | ||
| 003 | |||
| 040 | |||
| 090 | |a 204901 | ||
| 110 | |a Social Watch | ||
| 245 | |a Informe social watch 2003: los pobres y el mercado. Informe 2003: un Informe internacional sobre el progreso hacia la erradicación de la pobreza y el logro de la igualdad de género | ||
| 260 | |a Montevideo: |b ITeM | ||
| 520 | |a Este artículo sugiere que las instituciones internacionales de gobierno, los gobiernos que las controlan y las corporaciones que presionan a ambos abogan por la privatización, pese a que los peligros que ésta entraña pueden dañar seria y permanentemente los medios de vida de la población más pobre del mundo. Sostiene que la postura de "privatizar primero y preguntar después" y la confianza ingenua en los procesos y resultados de las reformas del mercado han causado sufrimientos precisamente a aquellos grupos que esas organizaciones tienen el cometido de proteger | ||
| 650 | |a SERVICIOS PUBLICOS | ||
| 650 | |a PRIVATIZACION | ||
| 650 | |a FIJACION DE PRECIOS | ||
| 650 | |a CONSECUENCIAS ECONOMICAS | ||
| 650 | |a DESIGUALDAD ECONOMICA | ||
| 650 | |a CONSECUENCIAS SOCIALES | ||
| 650 | |a DESIGUALDAD SOCIAL | ||
| 650 | |a DESIGUALDAD RURAL URBANA | ||
| 650 | |a DERECHOS HUMANOS | ||
| 650 | |a CONSUMO DE AGUA | ||
| 650 | |a ACCESO A LA EDUCACION | ||
| 650 | |a ACCESO A LA SALUD | ||
| 650 | |a CON | ||
| 999 | |c 16384 |d 16384 | ||
